000
00321nam a22001337a 4500
008
210308b ||||| |||| 00| 0 eng d
020
_a
0136697399
041
_a
eng
080
_2
5
_a
91
100
_a
91
101
_a
GJEO
245
_a
PHYSICAL GEOLOGY
_c
L.DON LEET SHELDON JUDSON, MARVIN E. KAUFFMAN
942
_2
udc
_c
BK
999
_c
55995
_d
55995